Well-heeled : the smart girl's guide to getting rich /

Bibliographic Details
Main Author: Scorgie, Lesley-Anne, (Author)
Format: eBook
Language:English
Published: Toronto, Ontario : Dundurn, 2014.
Subjects:
Online Access:Click to View
LEADER 01561nam a2200397 i 4500
001 EBC5105348
003 MiAaPQ
005 20200520144314.0
006 m o d |
007 cr cnu||||||||
008 190123s2014 onc o 000 0 eng d
020 |z 9781459723542 
020 |a 9781459724297  |q (electronic bk.) 
035 |a (MiAaPQ)EBC5105348 
035 |a (Au-PeEL)EBL5105348 
035 |a (CaPaEBR)ebr11460089 
035 |a (OCoLC)870916817 
040 |a MiAaPQ  |b eng  |e rda  |e pn  |c MiAaPQ  |d MiAaPQ 
050 4 |a HG179  |b .S367 2014 
082 0 |a 332.024042  |2 23 
100 1 |a Scorgie, Lesley-Anne,  |e author. 
245 1 0 |a Well-heeled :  |b the smart girl's guide to getting rich /  |c Lesley-Anne Scorgie. 
264 1 |a Toronto, Ontario :  |b Dundurn,  |c 2014. 
300 |a 1 online resource (137 pages) 
336 |a text  |b txt  |2 rdacontent 
337 |a computer  |b c  |2 rdamedia 
338 |a online resource  |b cr  |2 rdacarrier 
588 |a Description based on print version record. 
590 |a Electronic reproduction. Ann Arbor, MI : ProQuest, 2018. Available via World Wide Web. Access may be limited to ProQuest affiliated libraries. 
650 0 |a Women  |x Finance, Personal. 
650 0 |a Wealth. 
650 0 |a Success. 
655 4 |a Electronic books. 
776 0 8 |i Print version:  |a Scorgie, Lesley-Anne.  |t Well-heeled : the smart girl's guide to getting rich.  |d Toronto, Ontario : Dundurn, 2014   |h 137 pages   |z 9781459723542 
797 2 |a ProQuest (Firm) 
856 4 0 |u https://ebookcentral.proquest.com/lib/matrademy/detail.action?docID=5105348  |z Click to View